| 000 | 07206namaa22004091i 4500 | ||
|---|---|---|---|
| 003 | OSt | ||
| 005 | 20260315121604.0 | ||
| 008 | 250827s2024 ua a|||frm||| 000 0 eng d | ||
| 040 |
_aEG-GICUC _bara _cEG-GICUC _dEG-GICUC _erda |
||
| 041 | 0 |
_aara _bara _beng |
|
| 049 | _aإيداع | ||
| 082 | 0 | 4 | _a723.3 |
| 092 |
_a723.3 _221 |
||
| 097 | _aمــــاجستير | ||
| 099 | _aCai01.14.01.M.Sc.2024.شي.د | ||
| 100 | 0 |
_a،شيماء سيد شاكر _eإعداد. |
|
| 245 | 1 | 0 |
_aدراسة مواقع التراث المعماري الإسلامي بالمدينة القديمة بنابلس في فلسطين : _bدراسة أثرية معمارية مقارنة / _cإعداد شيماء سيد شاكر؛ إشراف أ.د.عبد العزيز صلاح سالم. |
| 246 | 1 | 5 |
_aStudy of islamic architectural heritage sites in old city of nablus in palestine : _bA comparative architectural archaeological study / |
| 264 | 0 | _c2024. | |
| 300 |
_a339 صفحة : _bإيضاحيات ؛ _c30 cm. + _eCD. |
||
| 336 |
_atext _2rda content |
||
| 337 |
_aUnmediated _2rdamedia |
||
| 338 |
_avolume _2rdacarrier |
||
| 502 | _aأطروحة (ماجستير)-جامعة القاهرة، 2024. | ||
| 504 | _aببليوجرافيا: صفحات 250-267. | ||
| 520 | _aتتناول الرسالة دراسة مدينة نابلس إحدى أهم مدن فلسطين تاريخًا وإحدى أهم مدن الضفة الغربية، وذلك بتحليل مقوماتها التاريخية ومكوناتها الأثرية والتراثية، للوقوف على أهميتها كنموذج لمدن التراث العمراني بما تشتمل عليه من آثار مختلفة متعددة ومتنوعة، ومعرفة موقعها الجغرافي ونشأتها التاريخية وأشهر الأحداث التي مرت على المدينة منذ وقت إنشائها، وركزت الرسالة الحديث عن البلدة القديمة باعتبارها الموقع الأقدم والأكثر أصالة ضمن محيط المدينة ككل، إذ تنقسم إلى عدة حارات بداخل كل منها مقومات المعيشة والحياة الاقتصادية والاجتماعية، وقد لعبت المباني الأثرية دورًا كبيرًا في هذه الأنشطة، إذ نجد العمائر الدينية من مساجد ومدارس وأضرحة وزوايا، وعمائر مدنية من خانات وأسواق وأسبلة وحمامات وقصور، وغير ذلك مما كان سببًا في حياة المدينة، مع الإشارة إلى المدينة باعتبارها موقعًا تراثيًا، فتناولت الدراسة مفاهيم التراث ومحاولة إسقاطها على البلدة القديمة بنابلس، وجاءت الدراسة على النحو التالي:مقدمة: تتناول أهمية الموضوع وأسباب اختياره وأهم الدراسات السابقة. تمهيد: يخص الإطار الجغرافي والتاريخي للبلدة القديمة بنابلس، وقد تم تقسيم الدراسة بعد التمهيد إلى أربعة فصول:ويتناول الفصل الأول العمائر الأثرية الدينية الباقية بالبلدة القديمة بنابلس،:ويتناول الفصل الثاني العمائر الأثرية في العمائر المدينة ذات الأغراض التي تقوم بها الحياة في المدينة، أما الفصل الثالث فجاء بعنوان خصائص ومقومات البلدة التراثية القديمة بنابلس، وتم فيه دراسة مدينة نابلس بوصفها موقعًا أو مدينة للمواقع التراثية. أما الفصل الرابع من الدراسة فيتناول التوظيف الأثري واستدامة المواقع التراثية داخل البلدة القديمة بنابلس، وتأتي الخاتمة بعد ذلك لتتناول أهم نتائج الدراسة، يليها المصادر والمراجع ثم كتالوج الخرائط والأشكال والصور. | ||
| 520 | _aThe author of a study of the city of Nablus, one of the most important cities in Palestine historically and one of the most important cities in the West Bank, by analyzing its historical components and its influential and heritage components, to identify the most important of them as a model for urban heritage cities, including their influence from very different influences, and knows its geographical location, its historical origins, and the most famous events that began since the time of the city’s establishment. The modern thesis focused on the old city only, only the oldest, originality within the surroundings. The city as a whole, as it is divided into several neighborhoods, each of which contains the elements of living, economic and social life, and the archaeological buildings played a major role in these activities, as we find religious buildings such as mosques, schools, shrines and corners, and civil buildings such as khans, markets, avenues, baths, palaces, and other things that were the reason for the life of the city, with reference to the city as a heritage site, so the study dealt with the concepts of heritage and the attempt to project them onto the old city of Nablus. The study was as follows: Introduction: It discusses the importance of the topic, the reasons for choosing it, and the most important previous studies. Introduction: It concerns the geographical and historical framework of the Old City of Nablus. After the introduction, the study was divided into four chapters: The first chapter deals with the remaining religious archaeological buildings in the Old City of Nablus. The second chapter deals with the archaeological buildings in the city buildings that serve the purposes of life in the city. The third chapter was entitled Characteristics and components of the old heritage town in Nablus, in which the city of Nablus was studied as a site or city for heritage sites. The fourth chapter of the study deals with archaeological employment and the sustainability of heritage sites within the Old City of Nablus, and the conclusion comes after that to address the most important results of the study, followed by sources and references, then a catalog of maps, figures, and pictures. | ||
| 530 | _aصدر أيضًا كقرص مدمج. | ||
| 546 | _aالنص بالعربية والملخص باللغة الإنجليزية والعربية. | ||
| 650 | 7 |
_aالعمارة الاسلامية _2qrmak _zفلسطين |
|
| 653 | 0 |
_aمواقع التراث _aالعمارة الدينية _aالمدينة القديمة بنابلس |
|
| 700 | 0 |
_aعبد العزيز صلاح سالم _eمشرف أطروحة. |
|
| 900 |
_b23-07-2024 _cعبد العزيز صلاح سالم _dمحمود مرسي مرسي _dرأفت عبد الرازق أبو العينين _Uجامعة القاهرة _Fكلية الآثار _Dقسم الأثار الإسلامية |
||
| 905 |
_aSara _eAfaf |
||
| 942 |
_2ddc _cTH _e21 _n0 |
||
| 999 | _c178066 | ||